[Event "BPB Limburg Open - Group A"]
[Site "chess24.com"]
[Date "2016.05.14"]
[Round "3"]
[White "Schroeder, Jan-Christian"]
[Black "Van Dooren, Dirk"]
[Result "1/2-1/2"]
[Board "8"]
[WhiteTitle "GM"]
[WhiteElo "2508"]
[WhiteCountry "GER"]
[WhiteFideId "24662259"]
[WhiteEloChange "-2"]
[BlackTitle "FM"]
[BlackElo "2365"]
[BlackCountry "NED"]
[BlackFideId "1015761"]
[BlackEloChange "4"]

1. e4 {[%clk 2:00:25]} c5 {[%clk 2:00:24]} 2. Nf3 {[%clk 2:00:35]} e6 {[%clk
2:00:34]} 3. d4 {[%clk 2:00:43]} cxd4 {[%clk 2:00:45]} 4. Nxd4 {[%clk 2:00:53]}
Nc6 {[%clk 2:00:55]} 5. Nc3 {[%clk 2:01:00]} Qc7 {[%clk 2:01:03]} 6. Be3 {[%clk
2:01:11]} a6 {[%clk 2:01:13]} 7. Be2 {[%clk 2:00:11]} Nf6 {[%clk 2:01:08]} 8. O-O
{[%clk 1:59:36]} Bb4 {[%clk 2:00:45]} 9. Na4 {[%clk 1:59:05]} Be7 {[%clk
2:00:11]} 10. Nxc6 {[%clk 1:57:51]} bxc6 {[%clk 2:00:16]} 11. Nb6 {[%clk
1:58:01]} Rb8 {[%clk 2:00:20]} 12. Nxc8 {[%clk 1:58:09]} Qxc8 {[%clk 2:00:19]}
13. Bd4 {[%clk 1:55:48]} c5 {[%clk 1:55:54]} 14. Be5 {[%clk 1:54:54]} Rb6 {[%clk
1:56:04]} 15. Qd3 {[%clk 1:53:52]} d6 {[%clk 1:48:31]} 16. Bc3 {[%clk 1:53:50]}
O-O {[%clk 1:48:41]} 17. b3 {[%clk 1:37:15]} d5 {[%clk 1:25:30]} 18. exd5 {[%clk
1:33:23]} Nxd5 {[%clk 1:23:28]} 19. Be5 {[%clk 1:33:21]} Rd8 {[%clk 1:19:50]} 20.
Rad1 {[%clk 1:14:18]} Nf4 {[%clk 1:07:00]} 21. Qe4 {[%clk 1:14:12]} Nxe2+ {[%clk
1:04:18]} 22. Qxe2 {[%clk 1:14:21]} c4 {[%clk 0:59:53]} 23. Rxd8+ {[%clk
1:08:43]} Bxd8 {[%clk 0:59:15]} 24. Bd4 {[%clk 0:57:39]} Rc6 {[%clk 0:56:47]} 25.
b4 {[%clk 0:57:38]} Be7 {[%clk 0:53:52]} 26. c3 {[%clk 0:55:51]} Qd7 {[%clk
0:51:15]} 27. Rd1 {[%clk 0:51:30]} Rd6 {[%clk 0:49:50]} 28. Re1 {[%clk 0:51:09]}
Qc6 {[%clk 0:41:15]} 29. Bc5 {[%clk 0:49:32]} Rd7 {[%clk 0:41:27]} 30. Bxe7
{[%clk 0:49:02]} Rxe7 {[%clk 0:41:38]} 31. Rd1 {[%clk 0:49:10]} Re8 {[%clk
0:36:24]} 32. Rd4 {[%clk 0:44:01]} Rc8 {[%clk 0:36:36]} 33. h4 {[%clk 0:43:27]}
h6 {[%clk 0:35:58]} 34. Qd1 {[%clk 0:36:26]} e5 {[%clk 0:30:12]} 35. Rd5 {[%clk
0:35:46]} Qf6 {[%clk 0:29:36]} 36. Qg4 {[%clk 0:34:55]} Re8 {[%clk 0:26:58]} 37.
h5 {[%clk 0:29:05]} e4 {[%clk 0:23:45]} 38. Qd7 {[%clk 0:29:09]} Rf8 {[%clk
0:20:19]} 39. Rd4 {[%clk 0:25:59]} Qg5 {[%clk 0:17:39]} 40. Rxc4 {[%clk 0:21:12]}
Qc1+ {[%clk 0:17:49]} 41. Kh2 {[%clk 0:21:21]} Qf4+ {[%clk 0:18:00]} 42. Kh3
{[%clk 0:21:28]} f5 {[%clk 0:17:53]} 43. f3 {[%clk 0:12:05]} Qg5 {[%clk 0:16:42]}
44. Rc8 {[%clk 0:07:33]} Qxh5+ {[%clk 0:16:29]} 45. Kg3 {[%clk 0:07:47]} Qg5+
{[%clk 0:16:37]} 46. Kh3 {[%clk 0:07:05]} Qh5+ {[%clk 0:15:59]} 47. Kg3 {[%clk
0:07:20]} f4+ {[%clk 0:16:03]} 48. Kf2 {[%clk 0:07:33]} e3+ {[%clk 0:14:23]} 49.
Ke2 {[%clk 0:07:46]} Qb5+ {[%clk 0:13:57]} 50. Qxb5 {[%clk 0:07:51]} axb5 {[%clk
0:14:09]} 51. Rc5 {[%clk 0:03:18]} Ra8 {[%clk 0:14:20]} 52. Rxb5 {[%clk 0:03:12]}
Rxa2+ {[%clk 0:14:30]} 53. Kf1 {[%clk 0:03:20]} Rf2+ {[%clk 0:14:17]} 54. Kg1
{[%clk 0:03:03]} Rc2 {[%clk 0:14:27]} 55. Re5 {[%clk 0:03:07]} Rxc3 {[%clk
0:13:47]} 56. g3 {[%clk 0:02:51]} e2 {[%clk 0:11:53]} 57. Rxe2 {[%clk 0:03:05]}
Rxf3 {[%clk 0:12:02]} 58. gxf4 {[%clk 0:03:16]} Rxf4 {[%clk 0:12:11]} 59. Rb2
{[%clk 0:03:28]} Rf7 {[%clk 0:11:49]} 60. b5 {[%clk 0:03:25]} Kf8 {[%clk
0:12:00]} 61. Kg2 {[%clk 0:03:03]} Rb7 {[%clk 0:11:29]} 62. Kf3 {[%clk 0:02:55]}
Ke7 {[%clk 0:11:39]} 63. Ke4 {[%clk 0:02:06]} Ke6 {[%clk 0:08:49]} 64. Rg2 {[%clk
0:01:36]} Kf6 {[%clk 0:08:51]} 65. Rb2 {[%clk 0:01:46]} g5 {[%clk 0:08:27]} 66.
b6 {[%clk 0:01:42]} h5 {[%clk 0:08:33]} 67. Rb5 {[%clk 0:01:39]} Kg6 {[%clk
0:08:25]} 68. Kf3 {[%clk 0:01:35]} Kf6 {[%clk 0:06:28]} 69. Kg3 {[%clk 0:01:50]}
Kg6 {[%clk 0:06:12]} 70. Kf3 {[%clk 0:02:01]} Kf6 {[%clk 0:06:10]} 71. Kg3 {[%clk
0:02:14]} Kg6 {[%clk 0:06:19]} 72. Kf3 {[%clk 0:02:26]} 1/2-1/2

[Event "BPB Limburg Open - Group A"]
[Site "chess24.com"]
[Date "2016.05.14"]
[Round "3"]
[White "Pogan, Nikolas"]
[Black "Swinkels, Robin"]
[Result "0-1"]
[Board "9"]
[WhiteTitle "FM"]
[WhiteElo "2298"]
[WhiteCountry "GER"]
[WhiteFideId "24673579"]
[WhiteEloChange "-5"]
[BlackTitle "GM"]
[BlackElo "2485"]
[BlackCountry "NED"]
[BlackFideId "1010824"]
[BlackEloChange "3"]

1. d4 {[%clk 1:57:14]} d5 {[%clk 2:00:26]} 2. Nf3 {[%clk 1:57:03]} Nf6 {[%clk
2:00:37]} 3. c4 {[%clk 1:57:09]} c6 {[%clk 2:00:49]} 4. e3 {[%clk 1:57:19]} Bf5
{[%clk 2:00:50]} 5. Nc3 {[%clk 1:55:21]} a6 {[%clk 2:00:59]} 6. Bd3 {[%clk
1:55:08]} Bg6 {[%clk 2:01:02]} 7. Ne5 {[%clk 1:46:39]} Bxd3 {[%clk 2:01:14]} 8.
Qxd3 {[%clk 1:46:49]} Nbd7 {[%clk 2:01:08]} 9. f4 {[%clk 1:44:16]} e6 {[%clk
2:00:53]} 10. O-O {[%clk 1:44:26]} Bb4 {[%clk 1:59:30]} 11. Ne2 {[%clk 1:44:22]}
Bd6 {[%clk 1:44:41]} 12. b4 {[%clk 1:37:52]} Ne4 {[%clk 1:42:43]} 13. Rb1 {[%clk
1:32:52]} f5 {[%clk 1:20:04]} 14. a4 {[%clk 1:26:09]} Nb6 {[%clk 1:03:54]} 15. a5
{[%clk 0:51:40]} Nxc4 {[%clk 0:36:59]} 16. Nxc4 {[%clk 0:51:41]} dxc4 {[%clk
0:37:12]} 17. Qxc4 {[%clk 0:51:50]} Qf6 {[%clk 0:36:30]} 18. Nc3 {[%clk 0:49:35]}
Nxc3 {[%clk 0:36:37]} 19. Qxc3 {[%clk 0:49:47]} Rd8 {[%clk 0:36:36]} 20. Bd2
{[%clk 0:49:23]} Bb8 {[%clk 0:34:09]} 21. Qc4 {[%clk 0:46:18]} Rd5 {[%clk
0:33:56]} 22. Bc3 {[%clk 0:45:32]} h5 {[%clk 0:27:30]} 23. Rbe1 {[%clk 0:43:26]}
Qg6 {[%clk 0:25:41]} 24. Kh1 {[%clk 0:35:37]} Kd7 {[%clk 0:25:46]} 25. Re2 {[%clk
0:33:40]} h4 {[%clk 0:23:49]} 26. Rf3 {[%clk 0:26:39]} Bd6 {[%clk 0:22:50]} 27.
Be1 {[%clk 0:25:06]} Qf6 {[%clk 0:21:36]} 28. Bc3 {[%clk 0:24:20]} Qg6 {[%clk
0:19:32]} 29. Be1 {[%clk 0:23:44]} Rh7 {[%clk 0:19:28]} 30. Bc3 {[%clk 0:21:35]}
Qg4 {[%clk 0:18:55]} 31. h3 {[%clk 0:20:31]} Qg6 {[%clk 0:18:45]} 32. Be1 {[%clk
0:20:15]} Qf6 {[%clk 0:18:23]} 33. Bc3 {[%clk 0:20:16]} Qg6 {[%clk 0:18:33]} 34.
Be1 {[%clk 0:20:26]} Rh8 {[%clk 0:17:37]} 35. Bc3 {[%clk 0:20:15]} Rg8 {[%clk
0:17:38]} 36. Qd3 {[%clk 0:17:48]} Qh7 {[%clk 0:17:19]} 37. e4 {[%clk 0:17:27]}
fxe4 {[%clk 0:17:31]} 38. Rxe4 {[%clk 0:17:34]} g5 {[%clk 0:16:16]} 39. Qe2
{[%clk 0:15:44]} gxf4 {[%clk 0:09:28]} 40. Bd2 {[%clk 0:13:09]} Rdg5 {[%clk
0:08:45]} 41. g4 {[%clk 0:07:26]} hxg3 {[%clk 0:08:39]} 42. Bxf4 {[%clk 0:07:31]}
g2+ {[%clk 0:05:27]} 43. Kg1 {[%clk 0:07:38]} Bxf4 {[%clk 0:05:37]} 44. Rfxf4
{[%clk 0:07:10]} Qxh3 {[%clk 0:05:47]} 45. Rh4 {[%clk 0:06:54]} Qh1+ {[%clk
0:04:18]} 0-1

[Event "BPB Limburg Open - Group A"]
[Site "chess24.com"]
[Date "2016.05.14"]
[Round "3"]
[White "Feuerstack, Aljoscha"]
[Black "Bus, Tom"]
[Result "0-1"]
[Board "10"]
[WhiteTitle "IM"]
[WhiteElo "2452"]
[WhiteCountry "GER"]
[WhiteFideId "4681932"]
[WhiteEloChange "-8"]
[BlackElo "2178"]
[BlackCountry "NED"]
[BlackFideId "1014374"]
[BlackEloChange "17"]

1. e4 {[%clk 2:00:21]} c6 {[%clk 1:59:26]} 2. c4 {[%clk 1:59:45]} d5 {[%clk
1:58:50]} 3. cxd5 {[%clk 1:59:53]} cxd5 {[%clk 1:58:56]} 4. exd5 {[%clk 2:00:04]}
Nf6 {[%clk 1:58:39]} 5. Nc3 {[%clk 2:00:11]} Nxd5 {[%clk 1:56:42]} 6. Nf3 {[%clk
2:00:18]} Nc6 {[%clk 1:53:01]} 7. Bb5 {[%clk 2:00:22]} e6 {[%clk 1:42:06]} 8. O-O
{[%clk 1:59:25]} Be7 {[%clk 1:40:34]} 9. d4 {[%clk 1:59:28]} O-O {[%clk 1:38:13]}
10. Re1 {[%clk 1:59:27]} a6 {[%clk 1:31:11]} 11. Bxc6 {[%clk 1:55:39]} bxc6
{[%clk 1:30:45]} 12. Na4 {[%clk 1:55:43]} Rb8 {[%clk 1:26:37]} 13. Ne5 {[%clk
1:48:59]} Bd7 {[%clk 1:21:51]} 14. Bd2 {[%clk 1:45:44]} Be8 {[%clk 1:15:53]} 15.
b3 {[%clk 1:39:58]} Rb5 {[%clk 1:06:54]} 16. Rc1 {[%clk 1:37:35]} Ba3 {[%clk
1:04:31]} 17. Rc4 {[%clk 1:36:03]} Bd6 {[%clk 0:44:24]} 18. Qg4 {[%clk 1:26:21]}
Ne7 {[%clk 0:36:57]} 19. Qe2 {[%clk 1:22:33]} f6 {[%clk 0:31:53]} 20. Nf3 {[%clk
1:21:31]} Bf7 {[%clk 0:30:57]} 21. Nc3 {[%clk 1:20:05]} Rh5 {[%clk 0:27:48]} 22.
Ne4 {[%clk 1:17:36]} a5 {[%clk 0:20:42]} 23. h3 {[%clk 1:09:48]} Re8 {[%clk
0:19:47]} 24. g4 {[%clk 1:05:22]} Rxh3 {[%clk 0:19:15]} 25. Kg2 {[%clk 0:56:11]}
Rxf3 {[%clk 0:18:46]} 26. Qxf3 {[%clk 0:56:21]} Ng6 {[%clk 0:18:40]} 27. Kg1
{[%clk 0:52:54]} Bb8 {[%clk 0:15:43]} 28. Ng3 {[%clk 0:39:03]} e5 {[%clk
0:14:27]} 29. Qxc6 {[%clk 0:38:56]} Nh4 {[%clk 0:13:49]} 30. Re3 {[%clk 0:37:19]}
Bd5 {[%clk 0:12:33]} 31. Bxa5 {[%clk 0:33:12]} Nf3+ {[%clk 0:10:46]} 32. Rxf3
{[%clk 0:33:15]} Bxc6 {[%clk 0:10:57]} 33. Bxd8 {[%clk 0:33:25]} Bxf3 {[%clk
0:10:55]} 34. Bc7 {[%clk 0:30:44]} Bxc7 {[%clk 0:08:46]} 35. Rxc7 {[%clk
0:30:54]} Bxg4 {[%clk 0:08:43]} 36. dxe5 {[%clk 0:28:03]} Rxe5 {[%clk 0:08:41]}
37. a4 {[%clk 0:28:11]} h5 {[%clk 0:08:23]} 38. Rc1 {[%clk 0:23:50]} h4 {[%clk
0:07:24]} 39. Nf1 {[%clk 0:24:01]} g5 {[%clk 0:06:28]} 40. b4 {[%clk 0:23:13]}
Re4 {[%clk 0:05:33]} 41. Rb1 {[%clk 0:07:08]} Bd7 {[%clk 0:04:49]} 42. b5 {[%clk
0:02:46]} Rxa4 {[%clk 0:04:23]} 43. b6 {[%clk 0:02:57]} Ra8 {[%clk 0:03:43]} 44.
b7 {[%clk 0:03:07]} Rb8 {[%clk 0:03:53]} 45. Rb6 {[%clk 0:03:19]} Kf7 {[%clk
0:02:20]} 46. Nd2 {[%clk 0:03:18]} Bc6 {[%clk 0:01:36]} 47. Rxc6 {[%clk 0:03:17]}
Rxb7 {[%clk 0:01:50]} 48. Ne4 {[%clk 0:03:23]} Rb4 {[%clk 0:00:56]} 49. Nxf6
{[%clk 0:03:31]} g4 {[%clk 0:00:54]} 50. Nd5 {[%clk 0:01:05]} Rb1+ {[%clk
0:01:05]} 51. Kg2 {[%clk 0:01:16]} g3 {[%clk 0:01:12]} 52. f4 {[%clk 0:00:41]}
Rb2+ {[%clk 0:01:16]} 53. Kf3 {[%clk 0:00:35]} Rf2+ {[%clk 0:01:29]} 54. Ke3
{[%clk 0:00:45]} h3 {[%clk 0:01:20]} 55. Rc1 {[%clk 0:00:17]} h2 {[%clk 0:01:19]}
56. f5 {[%clk 0:00:16]} Rxf5 {[%clk 0:01:22]} 57. Nf4 {[%clk 0:00:15]} Rxf4
{[%clk 0:01:34]} 58. Kxf4 {[%clk 0:00:23]} g2 {[%clk 0:01:43]} 0-1

[Event "BPB Limburg Open - Group A"]
[Site "chess24.com"]
[Date "2016.05.15"]
[Round "4"]
[White "Bus, Tom"]
[Black "Bachmann, Axel"]
[Result "0-1"]
[Board "1"]
[WhiteElo "2178"]
[WhiteCountry "NED"]
[WhiteFideId "1014374"]
[WhiteEloChange "-2"]
[BlackTitle "GM"]
[BlackElo "2632"]
[BlackCountry "PAR"]
[BlackFideId "3700488"]
[BlackEloChange "1"]

1. d4 {[%clk 2:00:14]} Nf6 {[%clk 1:59:48]} 2. c4 {[%clk 2:00:01]} e6 {[%clk
1:56:58]} 3. g3 {[%clk 1:59:29]} Bb4+ {[%clk 1:51:48]} 4. Bd2 {[%clk 1:58:56]} c5
{[%clk 1:51:49]} 5. Bxb4 {[%clk 1:57:40]} cxb4 {[%clk 1:51:46]} 6. Bg2 {[%clk
1:57:45]} O-O {[%clk 1:51:54]} 7. e4 {[%clk 1:57:46]} d6 {[%clk 1:51:46]} 8. Ne2
{[%clk 1:54:27]} e5 {[%clk 1:51:15]} 9. O-O {[%clk 1:52:21]} Nc6 {[%clk 1:50:41]}
10. d5 {[%clk 1:46:36]} Nb8 {[%clk 1:44:24]} 11. a3 {[%clk 1:45:50]} Na6 {[%clk
1:44:29]} 12. axb4 {[%clk 1:39:35]} Nxb4 {[%clk 1:44:24]} 13. Qd2 {[%clk
1:36:30]} a5 {[%clk 1:43:59]} 14. Na3 {[%clk 1:34:10]} Bg4 {[%clk 1:28:49]} 15.
Nc1 {[%clk 1:33:25]} Qb6 {[%clk 1:27:02]} 16. Kh1 {[%clk 1:28:53]} Bh5 {[%clk
1:15:17]} 17. f3 {[%clk 1:17:59]} Nd7 {[%clk 1:12:49]} 18. Bh3 {[%clk 0:58:31]}
Nc5 {[%clk 1:12:23]} 19. Nb5 {[%clk 0:52:58]} Bg6 {[%clk 1:11:35]} 20. Bf5 {[%clk
0:31:40]} f6 {[%clk 1:04:52]} 21. Na2 {[%clk 0:18:33]} Nb3 {[%clk 1:03:03]} 0-1

[Event "BPB Limburg Open - Group A"]
[Site "chess24.com"]
[Date "2016.05.15"]
[Round "4"]
[White "Berg, Emanuel"]
[Black "Vrolijk, Liam"]
[Result "1-0"]
[Board "2"]
[WhiteTitle "GM"]
[WhiteElo "2581"]
[WhiteCountry "SWE"]
[WhiteFideId "1704060"]
[WhiteEloChange "1"]
[BlackElo "2141"]
[BlackCountry "NED"]
[BlackFideId "1048333"]
[BlackEloChange "-2"]

1. e4 {[%clk 1:56:57]} e6 {[%clk 2:00:20]} 2. d4 {[%clk 1:57:04]} d5 {[%clk
2:00:29]} 3. Nc3 {[%clk 1:57:14]} Nf6 {[%clk 2:00:35]} 4. Bg5 {[%clk 1:57:23]}
Be7 {[%clk 2:00:45]} 5. e5 {[%clk 1:57:33]} Nfd7 {[%clk 2:00:54]} 6. h4 {[%clk
1:57:43]} h6 {[%clk 2:00:52]} 7. Qh5 {[%clk 1:56:36]} a6 {[%clk 1:57:41]} 8.
O-O-O {[%clk 1:37:05]} c5 {[%clk 1:47:50]} 9. dxc5 {[%clk 1:36:35]} g6 {[%clk
1:42:08]} 10. Bxe7 {[%clk 1:36:25]} Qxe7 {[%clk 1:41:49]} 11. Qe2 {[%clk
1:31:33]} Nc6 {[%clk 1:39:00]} 12. f4 {[%clk 1:27:32]} Nxc5 {[%clk 1:33:02]} 13.
Nf3 {[%clk 1:27:21]} b5 {[%clk 1:28:12]} 14. Qe3 {[%clk 1:27:22]} b4 {[%clk
1:24:08]} 15. Ne2 {[%clk 1:26:55]} Ne4 {[%clk 1:23:38]} 16. Ned4 {[%clk 1:22:14]}
Nxd4 {[%clk 0:59:58]} 17. Nxd4 {[%clk 1:22:02]} Bb7 {[%clk 0:59:57]} 18. Bd3
{[%clk 1:20:03]} Rc8 {[%clk 0:58:34]} 19. g4 {[%clk 1:08:08]} h5 {[%clk 0:49:22]}
20. f5 {[%clk 1:07:44]} exf5 {[%clk 0:45:35]} 21. gxf5 {[%clk 1:07:50]} Qxe5
{[%clk 0:45:03]} 22. Bxe4 {[%clk 1:07:29]} dxe4 {[%clk 0:43:52]} 23. fxg6 {[%clk
1:07:33]} fxg6 {[%clk 0:42:39]} 24. Qb3 {[%clk 1:05:01]} Bd5 {[%clk 0:33:32]} 25.
Qa4+ {[%clk 1:00:34]} Ke7 {[%clk 0:32:30]} 26. Qxb4+ {[%clk 0:58:46]} Kf7 {[%clk
0:31:21]} 27. Rhg1 {[%clk 0:57:10]} Kg7 {[%clk 0:27:11]} 28. Rg5 {[%clk 0:54:26]}
Qf4+ {[%clk 0:25:47]} 29. Kb1 {[%clk 0:54:31]} Qf7 {[%clk 0:24:13]} 30. Nf5+
{[%clk 0:53:27]} Kh7 {[%clk 0:20:37]} 31. Rxd5 {[%clk 0:53:30]} Qxd5 {[%clk
0:20:12]} 32. Qe7+ {[%clk 0:53:38]} Kg8 {[%clk 0:20:23]} 33. Rxg6# {[%clk
0:53:39]} 1-0

[Event "BPB Limburg Open - Group A"]
[Site "chess24.com"]
[Date "2016.05.15"]
[Round "4"]
[White "Gharamian, Tigran"]
[Black "Fier, Alexandr"]
[Result "1/2-1/2"]
[Board "3"]
[WhiteTitle "GM"]
[WhiteElo "2627"]
[WhiteCountry "FRA"]
[WhiteFideId "13301527"]
[BlackTitle "GM"]
[BlackElo "2624"]
[BlackCountry "BRA"]
[BlackFideId "2107139"]

1. e4 {[%clk 2:00:23]} Nf6 {[%clk 2:00:26]} 2. e5 {[%clk 2:00:31]} Nd5 {[%clk
2:00:37]} 3. d4 {[%clk 2:00:40]} d6 {[%clk 2:00:49]} 4. Nf3 {[%clk 2:00:50]} g6
{[%clk 2:01:01]} 5. Bc4 {[%clk 1:55:30]} Nb6 {[%clk 2:01:07]} 6. Bb3 {[%clk
1:55:22]} Bg7 {[%clk 2:01:17]} 7. exd6 {[%clk 1:48:24]} cxd6 {[%clk 2:01:20]} 8.
O-O {[%clk 1:48:32]} O-O {[%clk 2:01:32]} 9. Re1 {[%clk 1:46:45]} Nc6 {[%clk
2:01:00]} 10. c3 {[%clk 1:46:34]} Bf5 {[%clk 1:52:08]} 11. Na3 {[%clk 1:17:34]}
d5 {[%clk 1:49:47]} 12. Nc2 {[%clk 1:14:47]} Na5 {[%clk 1:47:53]} 1/2-1/2

[Event "BPB Limburg Open - Group A"]
[Site "chess24.com"]
[Date "2016.05.15"]
[Round "4"]
[White "Swinkels, Robin"]
[Black "Van Meegen, Ruud"]
[Result "1-0"]
[Board "4"]
[WhiteTitle "GM"]
[WhiteElo "2485"]
[WhiteCountry "NED"]
[WhiteFideId "1010824"]
[WhiteEloChange "1"]
[BlackElo "2110"]
[BlackCountry "NED"]
[BlackFideId "1034995"]
[BlackEloChange "-2"]

1. c4 {[%clk 1:58:36]} c5 {[%clk 2:00:23]} 2. g3 {[%clk 1:57:20]} g6 {[%clk
2:00:29]} 3. Bg2 {[%clk 1:57:33]} Bg7 {[%clk 2:00:39]} 4. Nc3 {[%clk 1:57:14]}
Nc6 {[%clk 2:00:34]} 5. Nf3 {[%clk 1:57:25]} e6 {[%clk 1:57:56]} 6. d3 {[%clk
1:51:11]} Nge7 {[%clk 1:56:13]} 7. Bg5 {[%clk 1:46:20]} h6 {[%clk 1:49:19]} 8.
Bd2 {[%clk 1:46:10]} d6 {[%clk 1:42:35]} 9. O-O {[%clk 1:32:15]} O-O {[%clk
1:41:47]} 10. a3 {[%clk 1:30:46]} Rb8 {[%clk 1:28:21]} 11. Rb1 {[%clk 1:21:24]}
b6 {[%clk 1:28:17]} 12. b4 {[%clk 1:13:07]} Bb7 {[%clk 1:28:19]} 13. bxc5 {[%clk
0:44:31]} bxc5 {[%clk 1:27:48]} 14. Qa4 {[%clk 0:43:23]} Qd7 {[%clk 1:19:44]} 15.
Rb3 {[%clk 0:39:16]} Ba8 {[%clk 1:11:32]} 16. Rfb1 {[%clk 0:39:19]} Rxb3 {[%clk
1:07:58]} 17. Rxb3 {[%clk 0:39:31]} Rb8 {[%clk 1:03:31]} 18. Ne5 {[%clk 0:35:39]}
Bxe5 {[%clk 0:55:52]} 19. Rxb8+ {[%clk 0:35:50]} Nxb8 {[%clk 0:56:01]} 20. Qxd7
{[%clk 0:35:20]} Nxd7 {[%clk 0:56:10]} 21. Bxa8 {[%clk 0:35:33]} h5 {[%clk
0:48:47]} 22. Bb7 {[%clk 0:32:38]} Nb6 {[%clk 0:48:23]} 23. Nb5 {[%clk 0:31:32]}
Nbc8 {[%clk 0:47:25]} 24. Ba5 {[%clk 0:28:06]} Kf8 {[%clk 0:47:00]} 25. Bd8
{[%clk 0:20:49]} Ke8 {[%clk 0:46:38]} 26. Bxe7 {[%clk 0:20:39]} Nxe7 {[%clk
0:46:46]} 27. Nxa7 {[%clk 0:20:51]} Bc3 {[%clk 0:46:42]} 28. Nb5 {[%clk 0:20:55]}
1-0

[Event "BPB Limburg Open - Group A"]
[Site "chess24.com"]
[Date "2016.05.15"]
[Round "4"]
[White "Mitran, Anthony Cristian"]
[Black "Warmerdam, Max"]
[Result "0-1"]
[Board "5"]
[WhiteElo "2094"]
[WhiteCountry "BEL"]
[WhiteFideId "240052"]
[WhiteEloChange "-3"]
[BlackTitle "FM"]
[BlackElo "2387"]
[BlackCountry "NED"]
[BlackFideId "1048104"]
[BlackEloChange "3"]

1. d4 {[%clk 1:59:34]} Nf6 {[%clk 2:00:19]} 2. c4 {[%clk 1:59:45]} g6 {[%clk
2:00:12]} 3. g3 {[%clk 1:59:45]} Bg7 {[%clk 2:00:20]} 4. Bg2 {[%clk 1:59:55]} O-O
{[%clk 2:00:29]} 5. Nf3 {[%clk 2:00:08]} d6 {[%clk 2:00:16]} 6. O-O {[%clk
2:00:14]} Nc6 {[%clk 2:00:07]} 7. Nc3 {[%clk 2:00:14]} a6 {[%clk 2:00:16]} 8. e4
{[%clk 1:58:11]} Bg4 {[%clk 2:00:16]} 9. h3 {[%clk 1:58:02]} Bxf3 {[%clk
2:00:25]} 10. Bxf3 {[%clk 1:58:11]} e5 {[%clk 2:00:35]} 11. Ne2 {[%clk 1:49:29]}
exd4 {[%clk 1:58:08]} 12. Nxd4 {[%clk 1:46:56]} Ne5 {[%clk 1:57:22]} 13. Qe2
{[%clk 1:45:36]} Nxf3+ {[%clk 1:55:08]} 14. Nxf3 {[%clk 1:31:52]} Qd7 {[%clk
1:51:35]} 15. Kh2 {[%clk 1:21:49]} Rfe8 {[%clk 1:50:18]} 16. Nd2 {[%clk 1:20:04]}
Qc6 {[%clk 1:38:00]} 17. f3 {[%clk 1:19:21]} b5 {[%clk 1:22:59]} 18. Kg2 {[%clk
1:11:43]} Nd7 {[%clk 1:01:35]} 19. Rb1 {[%clk 1:09:33]} Ne5 {[%clk 0:59:03]} 20.
b3 {[%clk 1:06:24]} Qb6 {[%clk 0:50:36]} 21. Bb2 {[%clk 1:01:52]} Qa5 {[%clk
0:48:54]} 22. f4 {[%clk 0:52:35]} Nd7 {[%clk 0:42:35]} 23. Bxg7 {[%clk 0:52:08]}
Kxg7 {[%clk 0:42:48]} 24. Qd3 {[%clk 0:48:09]} Kg8 {[%clk 0:40:45]} 25. Qd4
{[%clk 0:39:06]} Rab8 {[%clk 0:35:12]} 26. Rb2 {[%clk 0:36:22]} Qb4 {[%clk
0:34:25]} 27. Rc2 {[%clk 0:33:57]} Qc5 {[%clk 0:28:35]} 28. Qxc5 {[%clk 0:29:40]}
Nxc5 {[%clk 0:28:40]} 29. Kf3 {[%clk 0:29:35]} b4 {[%clk 0:28:33]} 30. Rcc1
{[%clk 0:28:24]} a5 {[%clk 0:28:00]} 31. Ra1 {[%clk 0:27:07]} a4 {[%clk 0:27:21]}
32. Rfe1 {[%clk 0:25:36]} Rb6 {[%clk 0:25:59]} 33. Reb1 {[%clk 0:24:37]} Ra8
{[%clk 0:24:13]} 34. Rb2 {[%clk 0:21:09]} axb3 {[%clk 0:19:54]} 35. Nxb3 {[%clk
0:21:18]} Ra3 {[%clk 0:20:02]} 36. Rd1 {[%clk 0:19:52]} Na4 {[%clk 0:19:32]} 37.
Rc2 {[%clk 0:18:42]} Nc3 {[%clk 0:19:23]} 38. Rdd2 {[%clk 0:18:30]} Rc6 {[%clk
0:18:46]} 39. e5 {[%clk 0:16:00]} dxe5 {[%clk 0:17:54]} 40. fxe5 {[%clk 0:15:54]}
Nxa2 {[%clk 0:17:50]} 41. Rxa2 {[%clk 0:15:52]} Rxb3+ {[%clk 0:18:00]} 42. Kf2
{[%clk 0:15:40]} Rc3 {[%clk 0:16:39]} 43. Rdb2 {[%clk 0:15:32]} R6xc4 {[%clk
0:16:42]} 44. Ra4 {[%clk 0:15:40]} Rc2+ {[%clk 0:16:46]} 45. Rxc2 {[%clk
0:15:50]} Rxc2+ {[%clk 0:16:57]} 46. Ke3 {[%clk 0:15:58]} Rc3+ {[%clk 0:15:12]}
47. Kf4 {[%clk 0:15:55]} b3 {[%clk 0:15:17]} 48. Rb4 {[%clk 0:16:01]} Kf8 {[%clk
0:14:49]} 49. h4 {[%clk 0:15:55]} c5 {[%clk 0:14:16]} 50. Rb7 {[%clk 0:16:08]}
Rc4+ {[%clk 0:14:14]} 51. Kg5 {[%clk 0:16:14]} Kg7 {[%clk 0:14:18]} 0-1

[Event "BPB Limburg Open - Group A"]
[Site "chess24.com"]
[Date "2016.05.15"]
[Round "4"]
[White "Fridman, Daniel"]
[Black "Lai, Hing Ting"]
[Result "1-0"]
[Board "6"]
[WhiteTitle "GM"]
[WhiteElo "2614"]
[WhiteCountry "GER"]
[WhiteFideId "11600454"]
[WhiteEloChange "2"]
[BlackTitle "FM"]
[BlackElo "2332"]
[BlackCountry "NED"]
[BlackFideId "1038257"]
[BlackEloChange "-3"]

1. d4 {[%clk 1:56:59]} Nf6 {[%clk 2:00:23]} 2. c4 {[%clk 1:57:09]} e6 {[%clk
2:00:34]} 3. g3 {[%clk 1:57:20]} d5 {[%clk 2:00:42]} 4. Bg2 {[%clk 1:57:30]} Be7
{[%clk 2:00:51]} 5. Nf3 {[%clk 1:57:41]} O-O {[%clk 2:01:00]} 6. O-O {[%clk
1:57:50]} dxc4 {[%clk 2:01:12]} 7. Qc2 {[%clk 1:57:41]} a6 {[%clk 2:01:21]} 8. a4
{[%clk 1:57:51]} Bd7 {[%clk 2:01:32]} 9. Rd1 {[%clk 1:57:59]} Bc6 {[%clk
2:01:21]} 10. Nc3 {[%clk 1:58:07]} Bxf3 {[%clk 2:01:15]} 11. Bxf3 {[%clk
1:58:16]} Nc6 {[%clk 2:00:49]} 12. Bxc6 {[%clk 1:58:24]} bxc6 {[%clk 2:01:00]}
13. Bg5 {[%clk 1:58:33]} Nd5 {[%clk 1:55:12]} 14. Bxe7 {[%clk 1:58:12]} Qxe7
{[%clk 1:55:14]} 15. Ne4 {[%clk 1:53:52]} Qb4 {[%clk 1:47:10]} 16. Rdc1 {[%clk
1:53:55]} Rfb8 {[%clk 1:44:54]} 17. Ra2 {[%clk 1:49:06]} a5 {[%clk 1:34:28]} 18.
Qxc4 {[%clk 1:46:16]} Qxc4 {[%clk 1:29:33]} 19. Rxc4 {[%clk 1:46:23]} Kf8 {[%clk
1:19:50]} 20. e3 {[%clk 1:39:26]} Ke7 {[%clk 1:11:07]} 21. Rxc6 {[%clk 1:17:56]}
Nb4 {[%clk 1:10:36]} 22. Rxc7+ {[%clk 1:18:06]} Kd8 {[%clk 1:10:37]} 23. Rxf7
{[%clk 1:18:15]} Nxa2 {[%clk 1:10:42]} 24. Nc5 {[%clk 1:18:19]} Ke8 {[%clk
0:59:06]} 25. Rxg7 {[%clk 1:18:21]} Nb4 {[%clk 0:42:09]} 26. Nxe6 {[%clk
1:05:27]} Nd5 {[%clk 0:38:12]} 27. e4 {[%clk 0:56:56]} Nf6 {[%clk 0:36:31]} 28.
e5 {[%clk 0:56:35]} Nd5 {[%clk 0:36:16]} 29. Rxh7 {[%clk 0:55:33]} Rxb2 {[%clk
0:34:09]} 30. Rh8+ {[%clk 0:54:38]} Ke7 {[%clk 0:34:11]} 31. Rxa8 {[%clk
0:54:48]} Kxe6 {[%clk 0:34:14]} 32. Rxa5 {[%clk 0:53:48]} Rb4 {[%clk 0:31:50]}
33. f4 {[%clk 0:39:34]} Rxd4 {[%clk 0:30:51]} 34. Kg2 {[%clk 0:38:52]} Rd3 {[%clk
0:22:44]} 35. Ra8 {[%clk 0:35:10]} Kf5 {[%clk 0:20:43]} 36. a5 {[%clk 0:29:19]}
Ra3 {[%clk 0:19:59]} 37. a6 {[%clk 0:25:53]} Nc7 {[%clk 0:18:38]} 38. Rf8+ {[%clk
0:24:48]} Ke6 {[%clk 0:18:00]} 39. h4 {[%clk 0:19:53]} Kd5 {[%clk 0:14:15]} 1-0